Girls' Names in Top 1000-P (2023) - Statistics

General Stats
  • This quiz has been taken 116 times
  • The average score is 11 of 23
Answer Stats
Answer % Correct
Penelope
89%
Penny
74%
Paula
72%
Poppy
69%
Paislee
63%
Paisley
63%
Phoebe
63%
Paige
56%
Parker
54%
Payton
52%
Peyton
52%
Presley
52%
Piper
51%
Paris
47%
Priscilla
44%
Paulina
43%
Princess
42%
Phoenix
33%
Pearl
31%
Persephone
23%
Palmer
21%
Paloma
17%
Promise
9%
No matching quizzes found
Score Distribution
Percent of People with Each Score
Percentile by Number Answered
Your Score History
You have not taken this quiz